000 00920nam a22002297a 4500
005 20250804104749.0
008 250804b |||||||| |||| 00| 0 eng d
020 _a978-81-972462-0-3 (hbk)
037 _cTB
040 _aCRL
_cCRL
041 _2hin
_ahin
084 _aO152,3N62,HK R4
_qCRL
100 _aअसवाल, हरेन्द्र सिंह
_9817133
245 _aहाशिए के लोग
260 _aनई दिल्ली, भारत:
_bस्वराज प्रकाशन,
_c2024.
300 _a135पृ.
365 _b450.00
_cINR
650 _aहिन्दी साहित्य
650 _aहिन्दी कहानी
942 _2CC
_cTB
_hO152,3N62,HK R4
_n0
999 _c1434489
_d1434489